Central Library OPAC University of Rajshahi

Agricultural production in continental Europe during the 1914-18 war and the reconstruction period. (Record no. 45086)

MARC details
000 -LEADER
fixed length control field 01023cam a22002651 4500
001 - CONTROL NUMBER
control field 45086
003 - CONTROL NUMBER IDENTIFIER
rucl marc code BD-RjUL
005 - DATE AND TIME OF LATEST TRANSACTION
control field 20211209053948.0
008 - FIXED-LENGTH DATA ELEMENTS--GENERAL INFORMATION
fixed length control field 160723s1943 000 0 eng
035 ## - SYSTEM CONTROL NUMBER
System control number (BD-RjUL)45204
System control number (OCoLC)
040 ## - CATALOGING SOURCE
Original cataloging agency DLC
Transcribing agency OkS
Modifying agency OCoLC
-- DLC
-- BD-RjUL
Language of cataloging eng
041 ## - LANGUAGE CODE
Language code of text/sound track or separate title eng
082 ## - DEWEY DECIMAL CLASSIFICATION NUMBER
Edition number 23
Classification number 338.1094
Author mark and year AGR 1943
110 2# - MAIN ENTRY--CORPORATE NAME
Corporate name or jurisdiction name as entry element League of Nations.
Subordinate unit Secretariat.
-- Economic, financial and transit department.
9 (RLIN) 138328
245 10 - TITLE STATEMENT
Title Agricultural production in continental Europe during the 1914-18 war and the reconstruction period.
260 ## - PUBLICATION, DISTRIBUTION, ETC. (IMPRINT)
Place of publication, distribution, etc. Geneva :
Name of publisher, distributor, etc. League of nations,
Date of publication, distribution, etc. 1943.
300 ## - PHYSICAL DESCRIPTION
Pagination 122 p. :
Illustrations ill. ;
Size 25 cm.
490 0# - SERIES STATEMENT
Series statement League of nations. Series of publications. II. Economic and financial. 1943.II.A.7
500 ## - GENERAL NOTE
General note At head of title: Economic, financial and transit department.
650 #0 - SUBJECT ADDED ENTRY--TOPICAL TERM
Topical term or geographic name as entry element Agriculture
General subdivision Economic aspects
Geographic subdivision Europe.
9 (RLIN) 138106
Topical term or geographic name as entry element World War, 1914-1918
General subdivision Food supply
Geographic subdivision Europe.
9 (RLIN) 138107
942 ## - ADDED ENTRY ELEMENTS (KOHA)
Source of classification or shelving scheme Dewey Decimal Classification
Koha item type Books
Holdings
Lost status Source of classification or shelving scheme Damaged status Not for loan Collection code Permanent Location Current Location Shelving location Date acquired Source of acquisition Cost, normal purchase price Total Checkouts Full call number Date last seen Copy number Koha item type
  Dewey Decimal Classification     Non-fiction Central Library, University of Rajshahi Central Library, University of Rajshahi     N/A 0.00   338.1094 AGR 1943 23/07/2016 C-2 Books